[Event "Kvalifikacije za Sampionat 2015"]
[Site "Kragujevac"]
[Date "2015.03.10"]
[Round "2.27"]
[White "Djuricic, Dejan"]
[Black "Kokic, Miljko"]
[Result "1-0"]
[WhiteElo "2019"]
[BlackElo "1536"]
[PlyCount "73"]
[EventDate "2015.03.09"]

1. e4 e5 2. Nf3 Nc6 3. Bb5 d6 4. d4 exd4 5. Qxd4 Bd7 6. Bxc6 Bxc6 7. Nc3 Nf6 8.
Bg5 Be7 9. O-O-O O-O 10. Rhe1 h6 11. Bh4 Re8 12. Kb1 a5 13. Nd5 Nxd5 14. exd5
Bxh4 15. Nxh4 Bd7 16. Nf3 Rxe1 17. Rxe1 c6 18. dxc6 Bxc6 19. Rd1 Bxf3 20. gxf3
Qf6 21. Qxf6 gxf6 22. Rxd6 Kg7 23. Kc1 Kg6 24. Kd2 Kf5 25. Rd7 Rg8 26. Rxb7 Rg2
27. Ke2 Rxh2 28. Rb5+ Kg6 29. Rxa5 h5 30. Kf1 Rh1+ 31. Kg2 Rc1 32. Rc5 f5 33.
a4 f4 34. a5 f5 35. a6 Ra1 36. Rc6+ Kg5 37. b4 1-0